Insectivorous bat assemblages in relation to spatial aspects of virgin jungle reserves in Peninsular Malaysia /
Saved in:
| Main Author: | |
|---|---|
| Format: | Thesis Book |
| Language: | English |
| Published: |
2010.
|
| Subjects: | |
| Online Access: | ttp://studentsrepo.um.edu.my/id/eprint/3490 |
| Tags: |
Add Tag
No Tags, Be the first to tag this record!
|
| LEADER | 01208cam a2200325 a 4500 | ||
|---|---|---|---|
| 001 | u891567 | ||
| 003 | SIRSI | ||
| 005 | 201202021250 | ||
| 008 | 120202s2010 my a m 000 0 eng | ||
| 040 | |a UMM | ||
| 043 | |a a-my--- | ||
| 090 | |a QH302 |b UM 2010 Joa | ||
| 100 | 0 | |a Joann Christine Luruthusamy, |e author. | |
| 245 | 1 | 0 | |a Insectivorous bat assemblages in relation to spatial aspects of virgin jungle reserves in Peninsular Malaysia / |c Joann Christine Luruthusamy. |
| 260 | |c 2010. | ||
| 300 | |a xvi, 142 leaves : |b ill. ; |c 30 cm. | ||
| 502 | |a Dissertation (M.Sc.) -- Institut Sains Biologi, Fakulti Sains, Universiti Malaya, 2011. | ||
| 504 | |a Bibliography: leaves 119-134. | ||
| 530 | |a Also issued in CD. | ||
| 650 | 0 | |a Bats |x Ecology |z Malaysia. | |
| 650 | 0 | |a Bats |x Food |z Malaysia. | |
| 650 | 0 | |a Jungle animals |z Malaysia. | |
| 650 | 0 | |a Forest animals |x Ecology |z Malaysia. | |
| 650 | 0 | |a Jungle ecology |z Malaysia. | |
| 650 | 0 | |a Forest ecology |z Malaysia. | |
| 710 | 2 | 0 | |a Universiti Malaya. |b Institut Sains Biologi. |
| 856 | 4 | 1 | |u ttp://studentsrepo.um.edu.my/id/eprint/3490 |
| 900 | |a ZA | ||
| 596 | |a 10 | ||
| 999 | |a QH302 UM 2010 JAO |w LC |c 1 |i A515303871 |l RESERVES |m P10PERGIGI |r Y |s Y |t TESIS |u 13/11/2013 | ||
